निराला की गली में तथा अन्य संस्मरण / (Record no. 16635)
[ view plain ]
| 000 -LEADER | |
|---|---|
| fixed length control field | 03051nam a22003977a 4500 |
| 005 - DATE AND TIME OF LATEST TRANSACTION | |
| control field | 20081014101420.0 |
| 008 - FIXED-LENGTH DATA ELEMENTS--GENERAL INFORMATION | |
| fixed length control field | 081014t xxu||||| |||| 00| 0 hin d |
| 010 ## - LCCN (DPL NO) | |
| LC control number | HIN-84373 B-314143-147 |
| 020 ## - INTERNATIONAL STANDARD BOOK NUMBER | |
| International Standard Book Number | 9788181662598 |
| Terms of availability | 250.00 |
| 035 ## - SYSTEM CONTROL NUMBER | |
| System control number | HN-56719 |
| 035 ## - SYSTEM CONTROL NUMBER | |
| System control number | B-314143-147 |
| 035 ## - SYSTEM CONTROL NUMBER | |
| System control number | B-358778 |
| 037 ## - SOURCE OF ACQUISITION | |
| Source of stock number/acquisition | DBAD / PUB |
| 037 ## - SOURCE OF ACQUISITION | |
| Source of stock number/acquisition | मेधा बुक्स |
| 037 ## - SOURCE OF ACQUISITION | |
| Source of stock number/acquisition | पैन्सी बुक्स |
| 040 ## - CATALOGING SOURCE | |
| Original cataloging agency | DPL |
| Language of cataloging | HN |
| 082 ## - DEWEY DECIMAL CLASSIFICATION NUMBER | |
| Classification number | 808.883 |
| 100 ## - MAIN ENTRY--PERSONAL NAME | |
| Personal name | हरीश नवल |
| 245 ## - TITLE STATEMENT | |
| Title | निराला की गली में तथा अन्य संस्मरण / |
| Statement of responsibility, etc | हरीश नवल |
| 246 ## - VARYING FORM OF TITLE | |
| Title proper/short title | Nirala kii gali mein tathaa anya sansmarana |
| Remainder of title | by Harish Naval |
| 260 ## - PUBLICATION, DISTRIBUTION, ETC. (IMPRINT) | |
| Place of publication, distribution, etc | दिल्ली |
| Name of publisher, distributor, etc | मेधा बुक्स |
| Date of publication, distribution, etc | 2008 |
| 270 ## - ADDRESS | |
| Address | एक्स-11, नवीन शाहदरा |
| City | दिल्ली |
| Postal code | 110032 |
| Electronic mail address | www.medhabooks.com |
| 300 ## - PHYSICAL DESCRIPTION | |
| Extent | 205पृ |
| Dimensions | 22सेमी (सजिल्द) |
| 650 ## - SUBJECT ADDED ENTRY--TOPICAL TERM | |
| Topical term or geographic name as entry element | Memory in literature |
| 650 ## - SUBJECT ADDED ENTRY--TOPICAL TERM | |
| Topical term or geographic name as entry element | स्मृति साहित्य में |
| 942 ## - ADDED ENTRY ELEMENTS (KOHA) | |
| Source of classification or shelving scheme | Dewey Decimal Classification |
| Item type | Hindi Books |
| Call number suffix | हरीश |
| Classification part | 808.883 |
| Withdrawn status | Lost status | Source of classification or shelving scheme | Damaged status | Not for loan | Collection code | Home library | Current library | Date acquired | Source of acquisition | Cost, normal purchase price | Total Checkouts | Full call number | Barcode | Date last seen | Copy number | Cost, replacement price | Koha item type | Total Renewals |
|---|---|---|---|---|---|---|---|---|---|---|---|---|---|---|---|---|---|---|
| Dewey Decimal Classification | Non-fiction | Central Library | Central Library | 22/06/2009 | मेधा बुक्स/3421/20.1.09/581/12.1.09/21.1.09 | 250.00 | 808.883 हरीश | B-314143 | 22/06/2009 | 1 | 250.00 | Hindi Books | ||||||
| Dewey Decimal Classification | Not For Loan | Non-fiction | D.B.Act.Division | D.B.Act.Division | 14/10/2008 | DBAD / PUB | 250.00 | 808.883 हरीश | HN-56719 | 14/10/2008 | 1 | 250.00 | Hindi Books | |||||
| Dewey Decimal Classification | Non-fiction | Janak Puri | Janak Puri | 30/09/2009 | 939/16.9.09/129/4.9.09/24.9.09 | 250.00 | 8 | 808.883 हरीश | B-358778 | 22/02/2025 | 1 | 250.00 | Hindi Books | 2 | ||||
| Dewey Decimal Classification | Non-fiction | Karol Bagh | Karol Bagh | 22/06/2009 | मेधा बुक्स/3421/20.1.09/581/12.1.09/21.1.09 | 250.00 | 808.883 हरीश | B-314146 | 22/06/2009 | 1 | 250.00 | Hindi Books | ||||||
| Dewey Decimal Classification | Non-fiction | Patel Nagar | Patel Nagar | 22/06/2009 | मेधा बुक्स/3421/20.1.09/581/12.1.09/21.1.09 | 250.00 | 1 | 808.883 हरीश | B-314144 | 25/02/2019 | 1 | 250.00 | Hindi Books | |||||
| Dewey Decimal Classification | Non-fiction | Sarojini Nagar | Sarojini Nagar | 22/06/2009 | मेधा बुक्स/3421/20.1.09/581/12.1.09/21.1.09 | 250.00 | 4 | 808.883 हरीश | B-314145 | 02/12/2019 | 1 | 250.00 | Hindi Books | 2 | ||||
| Dewey Decimal Classification | Non-fiction | Shahdara Branch | Shahdara Branch | 22/06/2009 | मेधा बुक्स/3421/20.1.09/581/12.1.09/21.1.09 | 250.00 | 3 | 808.883 हरीश | B-314147 | 16/09/2023 | 1 | 250.00 | Hindi Books |
